000 00755nam a22002177a 4500
003 OSt
005 20260507164614.0
008 260507b |||||||| |||| 00| 0 eng d
020 _a9789356962903 Pbk. Bp.
040 _aMMSU
_cULS
050 _aQP 514.2 V37 2024 COM
100 _aVasudevan, DM
245 _aPractical textbook of biochemistry for medical students :
_bas per the competency-based Medical Education Curriculum (NMC) /
_cDM Vasudevan, Subir Kumar Das.
250 _aFourth edition.
260 _aNew Delhi :
_bJaypee Brothers Medical Publishers,
_c2024.
300 _axx, 339 pages :
_bcolor illustrations ;
_c27 cm.
504 _aIncludes index.
650 _aBiochemistry.
_9601
650 _aClinical Medicine.
942 _2lcc
_cBK
999 _c29119
_d29119